[Event "Dutch Open 2009"]
[Site "Dieren NED"]
[Date "2009.07.24"]
[Round "4.1"]
[White "Giri, Anish"]
[Black "L'Ami, Erwin"]
[Result "1-0"]
[WhiteElo "2518"]
[BlackElo "2593"]
[PlyCount "97"]
[EventDate "2009.07.21"]
[EventType "swiss"]
[EventRounds "9"]
[EventCountry "NED"]
[Source "lmi"]
[SourceDate "2009.07.21"]

1. d4 Nf6 2. c4 e6 3. Nf3 b6 4. g3 Bb7 5. Bg2 Be7 6. O-O O-O 7. Re1 d5 8. cxd5
exd5 9. Nc3 Ne4 10. Bf4 c5 11. dxc5 Bxc5 12. e3 Nxc3 13. bxc3 Nd7 14. Nd4 Nf6
15. Bg5 Be7 16. Bxf6 Bxf6 17. Qb3 Rc8 18. a4 Rc5 19. a5 Qc8 20. axb6 Rxc3 21.
Qb2 Bxd4 22. exd4 Rc2 23. Qb1 axb6 24. Qxb6 Qf5 25. Rf1 Bc6 26. Rac1 Rxc1 27.
Rxc1 Bd7 28. Re1 Be6 29. Re5 Qd3 30. Bxd5 Bh3 31. Re1 Qd2 32. Rb1 Re8 33. Bg2
Re1+ 34. Bf1 h6 35. Rxe1 Qxe1 36. Qb8+ Kh7 37. Qb5 Kg6 38. Qe2 Qc1 39. g4 f5
40. Qe6+ Kh7 41. Qxf5+ Kh8 42. Qb5 Qa1 43. g5 Be6 44. d5 Bg8 45. d6 Qd4 46. Qd3
Qg4+ 47. Qg3 Qd4 48. h3 hxg5 49. Qd3 1-0

[Event "Dutch Open 2009"]
[Site "Dieren NED"]
[Date "2009.07.24"]
[Round "4.4"]
[White "Reinderman, Dimitri"]
[Black "Visser, Yge"]
[Result "1/2-1/2"]
[WhiteElo "2565"]
[BlackElo "2464"]
[PlyCount "105"]
[EventDate "2009.07.21"]
[EventType "swiss"]
[EventRounds "9"]
[EventCountry "NED"]
[Source "lmi"]
[SourceDate "2009.07.21"]

1. c4 g6 2. d4 Bg7 3. e4 d6 4. Nc3 Nc6 5. Be3 e5 6. Nge2 f5 7. dxe5 dxe5 8.
Qxd8+ Nxd8 9. exf5 gxf5 10. f4 Nh6 11. h3 Ne6 12. fxe5 Nf7 13. O-O-O Bxe5 14.
Nd5 c6 15. Ndf4 Rg8 16. Nxe6 Bxe6 17. Nf4 Ke7 18. Nxe6 Kxe6 19. g4 Rad8 20. Be2
Rxd1+ 21. Bxd1 Rd8 22. Re1 Nd6 23. Bg5 Rg8 24. Bf4 Nf7 25. Be3 Rd8 26. c5 fxg4
27. Bb3+ Ke7 28. hxg4 Kf8 29. Rf1 Rd7 30. Rf5 Bg7 31. g5 Ke8 32. Kc2 Re7 33.
Bd2 Ne5 34. Bg8 Bh8 35. b4 a6 36. a3 Ng6 37. Rf1 Rg7 38. Be6 Re7 39. Bf5 Be5
40. Rh1 Kf8 41. Rh3 Rf7 42. Bc8 Ke8 43. Rd3 Rc7 44. Bg4 Bf4 45. Bxf4 Nxf4 46.
Rd4 Ng6 47. Re4+ Kd8 48. Kd2 Rg7 49. Ke3 Ne7 50. Kf4 Nd5+ 51. Kf5 Rf7+ 52. Ke5
Rg7 53. Kf5 1/2-1/2

[Event "Dutch Open 2009"]
[Site "Dieren NED"]
[Date "2009.07.24"]
[Round "4.5"]
[White "Wohl, Aleksandar H"]
[Black "Ikonnikov, Vyacheslav"]
[Result "1/2-1/2"]
[WhiteElo "2387"]
[BlackElo "2556"]
[PlyCount "122"]
[EventDate "2009.07.21"]
[EventType "swiss"]
[EventRounds "9"]
[EventCountry "NED"]
[Source "lmi"]
[SourceDate "2009.07.21"]

1. d4 Nf6 2. c4 e6 3. Nc3 Bb4 4. e3 d6 5. Nge2 c5 6. a3 Ba5 7. g3 d5 8. dxc5
dxc4 9. Qxd8+ Kxd8 10. Bg2 Nbd7 11. c6 bxc6 12. Bxc6 Rb8 13. O-O Bb7 14. Bxb7
Rxb7 15. Rd1 Ke7 16. Na4 Ne5 17. Nd4 Rd8 18. Kg2 Ke8 19. Bd2 Rd5 20. f3 Bxd2
21. Rxd2 Ra5 22. Nc3 Nd5 23. Nxd5 exd5 24. f4 Nd3 25. b3 g6 26. g4 Ra6 27. Kf3
Nc5 28. bxc4 dxc4 29. Rc2 Nb3 30. Rd1 Na5 31. h4 Rab6 32. h5 Rb1 33. Rxb1 Rxb1
34. hxg6 hxg6 35. Ke4 Kd7 36. Kd5 Ra1 37. Rc3 Rd1 38. Kc5 Rb1 39. g5 a6 40. Kd5
Ra1 41. Ke5 Ke7 42. Nc2 Rd1 43. Nb4 Rd6 44. e4 Kd7 45. f5 Rb6 46. Rf3 gxf5 47.
exf5 Nc6+ 48. Nxc6 Rxc6 49. Kd4 Rc8 50. Rc3 Rg8 51. Rg3 Rc8 52. Kc3 Ke7 53. Rg4
Rc5 54. g6 Kf8 55. Rf4 Kg7 56. gxf7 Kxf7 57. Kb4 Rb5+ 58. Kxc4 Kf6 59. Rd4 Rxf5
60. Rd6+ Ke7 61. Rxa6 Kd7 1/2-1/2

[Event "Dutch Open 2009"]
[Site "Dieren NED"]
[Date "2009.07.24"]
[Round "4.6"]
[White "Nijboer, Friso"]
[Black "Bosch, Jeroen"]
[Result "1-0"]
[WhiteElo "2552"]
[BlackElo "2456"]
[PlyCount "65"]
[EventDate "2009.07.21"]
[EventType "swiss"]
[EventRounds "9"]
[EventCountry "NED"]
[Source "lmi"]
[SourceDate "2009.07.21"]

1. e4 e5 2. Nf3 Nc6 3. Bb5 a6 4. Ba4 Nf6 5. O-O Be7 6. Re1 b5 7. Bb3 d6 8. c3
O-O 9. h3 Na5 10. Bc2 c5 11. d4 Qc7 12. Nbd2 Bd7 13. Nf1 Nc4 14. b3 Nb6 15. Ne3
c4 16. Ba3 Rfe8 17. Qd2 Bf8 18. Rad1 a5 19. dxe5 dxe5 20. Bxf8 Kxf8 21. Nd5
Nbxd5 22. exd5 Qd6 23. bxc4 bxc4 24. Qe3 e4 25. Nd2 Nxd5 26. Qd4 e3 27. Rxe3
Rxe3 28. fxe3 Qe6 29. Nxc4 Bc6 30. Ne5 Bb7 31. Bb3 f6 32. Ng4 Rd8 33. e4 1-0

[Event "Dutch Open 2009"]
[Site "Dieren NED"]
[Date "2009.07.24"]
[Round "4.7"]
[White "Swinkels, Robin"]
[Black "Burg, Twan"]
[Result "1/2-1/2"]
[WhiteElo "2516"]
[BlackElo "2422"]
[PlyCount "105"]
[EventDate "2009.07.21"]
[EventType "swiss"]
[EventRounds "9"]
[EventCountry "NED"]
[Source "lmi"]
[SourceDate "2009.07.21"]

1. e4 c5 2. Nf3 d6 3. d4 cxd4 4. Nxd4 Nf6 5. Nc3 a6 6. Be3 e5 7. Nf3 Be7 8. Bc4
O-O 9. O-O Qc7 10. Bb3 Be6 11. Nh4 g6 12. Bh6 Rd8 13. Qf3 Nc6 14. Bxe6 fxe6 15.
Qh3 Nd4 16. Rad1 Qc4 17. Rd3 Bf8 18. Bg5 Bg7 19. Rfd1 Rf8 20. Nf3 Nh5 21. Nxd4
exd4 22. b3 Qc8 23. Ne2 e5 24. c3 dxc3 25. Nxc3 Qxh3 26. Rxh3 Bf6 27. Bh6 Bg7
28. Bxg7 Kxg7 29. Rxd6 Rfd8 30. Rxd8 Rxd8 31. Re3 Rd2 32. g3 b5 33. Re2 Rd4 34.
Kg2 Nf6 35. f3 g5 36. Kf2 Rd3 37. Nb1 g4 38. Nd2 h5 39. Kg2 Rc3 40. fxg4 hxg4
41. Nf1 Kg6 42. Ne3 Rd3 43. Nc2 a5 44. h3 gxh3+ 45. Kxh3 Rc3 46. Na3 Nh5 47.
Kh2 Kg5 48. Nxb5 Rxg3 49. Nd6 Rc3 50. Nc4 Nf4 51. Rd2 a4 52. Nxe5 axb3 53. axb3
1/2-1/2

[Event "Dutch Open 2009"]
[Site "Dieren NED"]
[Date "2009.07.24"]
[Round "4.8"]
[White "Lalith, Babu M.R"]
[Black "Miedema, Roi"]
[Result "0-1"]
[WhiteElo "2472"]
[BlackElo "2432"]
[PlyCount "66"]
[EventDate "2009.07.21"]
[EventType "swiss"]
[EventRounds "9"]
[EventCountry "NED"]
[Source "lmi"]
[SourceDate "2009.07.21"]

1. Nf3 Nf6 2. c4 e6 3. Nc3 d5 4. d4 Bb4 5. cxd5 exd5 6. Bg5 h6 7. Bh4 g5 8. Bg3
Ne4 9. Nd2 Nxg3 10. hxg3 c6 11. Qc2 Be6 12. e3 Nd7 13. Bd3 c5 14. dxc5 Rc8 15.
Nb3 Nxc5 16. Nxc5 Bxc5 17. Rd1 Kf8 18. O-O Qf6 19. Qa4 Kg7 20. Be2 Qe5 21. Bf3
Rhd8 22. Rfe1 Bb6 23. Qb4 h5 24. Na4 Rc4 25. Qb5 Rd6 26. b3 a6 27. Qe8 Rc8 28.
Qe7 Rc7 29. Qe8 Ba5 30. Qb8 b5 31. b4 Rc8 32. Qb7 Bxb4 33. Rf1 Ba5 0-1

[Event "Dutch Open 2009"]
[Site "Dieren NED"]
[Date "2009.07.24"]
[Round "4.10"]
[White "Otte, Marijn"]
[Black "Karthikeyan, P."]
[Result "1-0"]
[WhiteElo "2298"]
[BlackElo "2478"]
[PlyCount "81"]
[EventDate "2009.07.21"]
[EventType "swiss"]
[EventRounds "9"]
[EventCountry "NED"]
[Source "lmi"]
[SourceDate "2009.07.21"]

1. e4 e5 2. Bc4 Nf6 3. d3 Nc6 4. Nf3 h6 5. Bb3 d6 6. c3 g6 7. Nbd2 Bg7 8. O-O
O-O 9. Re1 Nh7 10. Nc4 Kh8 11. d4 Qe7 12. Be3 Bg4 13. dxe5 dxe5 14. h3 Rad8 15.
Qe2 Bd7 16. Rad1 b5 17. Na3 a6 18. Nc2 f5 19. exf5 gxf5 20. Nb4 Nxb4 21. cxb4
e4 22. Bc5 Qf6 23. Nd4 Qg6 24. f4 Rfe8 25. Qe3 Nf8 26. Rd2 Ne6 27. Bxe6 Bxe6
28. b3 Bf7 29. Red1 Rg8 30. Nc2 Bf6 31. Ne1 Kh7 32. Rxd8 Bxd8 33. Qc3 Bf6 34.
Bd4 Rd8 35. Nc2 Rg8 36. Ne1 Bd8 37. Bf2 Be6 38. Qc6 Bc8 39. Qc5 Bb7 40. Rxd8 e3
41. Rd7+ 1-0

[Event "Dutch Open 2009"]
[Site "Dieren NED"]
[Date "2009.07.24"]
[Round "4.11"]
[White "Brandenburg, Daan"]
[Black "Van Assendelft, Floris"]
[Result "1-0"]
[WhiteElo "2463"]
[BlackElo "2332"]
[PlyCount "141"]
[EventDate "2009.07.21"]
[EventType "swiss"]
[EventRounds "9"]
[EventCountry "NED"]
[Source "lmi"]
[SourceDate "2009.07.21"]

1. e4 c5 2. c3 Nf6 3. e5 Nd5 4. Nf3 g6 5. Bc4 Nb6 6. Bb3 Bg7 7. a4 c4 8. Bc2 d5
9. exd6 Qxd6 10. O-O Nc6 11. Na3 a6 12. d4 cxd3 13. Bxd3 Bg4 14. Be2 Qxd1 15.
Bxd1 O-O-O 16. Bf4 Bxf3 17. Bxf3 Ne5 18. Bxe5 Bxe5 19. a5 Nd7 20. Rfe1 Bf6 21.
Nc4 Kc7 22. g3 Nc5 23. Re2 Rd3 24. Kg2 Rhd8 25. Rae1 e6 26. h4 h6 27. Rc2 Nb3
28. Re4 Bg7 29. Rce2 R3d7 30. Re1 Nc5 31. R4e2 Nb3 32. Re4 Nc5 33. R4e3 Nb3 34.
Rb1 Rd3 35. Re2 Nd2 36. Nxd2 Rxd2 37. Re4 Bf8 38. Rc4+ Kb8 39. Kf1 Rc8 40.
Rxc8+ Kxc8 41. Ke1 Rd7 42. Ke2 h5 43. b4 Bh6 44. Rb2 Bg7 45. Rc2 Bf8 46. Be4
Rc7 47. Bd3 Kd8 48. Kd2 Bh6+ 49. Kd1 Rd7 50. Ke2 Bf8 51. Rb2 Bg7 52. Rb3 f5 53.
c4 e5 54. f3 Rd4 55. Kf1 f4 56. gxf4 Rxf4 57. Be4 Kc8 58. b5 Rxh4 59. bxa6 bxa6
60. Rb6 Bh6 61. Rxg6 Be3 62. Kg2 Bf4 63. Rxa6 Rh2+ 64. Kf1 Ra2 65. Rc6+ Kb8 66.
a6 Ka7 67. c5 Rxa6 68. Rc7+ Kb8 69. Rb7+ Kc8 70. c6 Be3 71. Bf5+ 1-0

[Event "Dutch Open 2009"]
[Site "Dieren NED"]
[Date "2009.07.24"]
[Round "4.13"]
[White "Soumya, Swaminathan"]
[Black "Bitalzadeh, Ali"]
[Result "0-1"]
[WhiteElo "2309"]
[BlackElo "2434"]
[PlyCount "62"]
[EventDate "2009.07.21"]
[EventType "swiss"]
[EventRounds "9"]
[EventCountry "NED"]
[Source "lmi"]
[SourceDate "2009.07.21"]

1. e4 c6 2. d4 d5 3. f3 e6 4. Nc3 Bb4 5. Bf4 Nf6 6. Qd3 b6 7. Nge2 Ba6 8. Qe3
O-O 9. O-O-O Be7 10. g4 b5 11. Kb1 b4 12. Na4 dxe4 13. fxe4 Bb5 14. b3 Bxa4 15.
bxa4 Nbd7 16. Bg2 Qa5 17. d5 e5 18. Bg3 Nb6 19. Qb3 Nfd7 20. Be1 Nc5 21. Qxb4
Qa6 22. d6 Qxe2 23. Rd2 Qc4 24. Qxc4 Nxc4 25. dxe7 Nxd2+ 26. Bxd2 Rfe8 27. a5
Rxe7 28. c4 Ne6 29. Bc3 Nd4 30. Re1 Rb8+ 31. Kc1 Reb7 0-1

[Event "Dutch Open 2009"]
[Site "Dieren NED"]
[Date "2009.07.24"]
[Round "4.14"]
[White "Shyam, Sundar M"]
[Black "Van Ruitenburg, Joost"]
[Result "1-0"]
[WhiteElo "2415"]
[BlackElo "2302"]
[PlyCount "49"]
[EventDate "2009.07.21"]
[EventType "swiss"]
[EventRounds "9"]
[EventCountry "NED"]
[Source "lmi"]
[SourceDate "2009.07.21"]

1. e4 e5 2. Nf3 Nc6 3. Nc3 Nf6 4. Bb5 Nd4 5. Bc4 Nxf3+ 6. gxf3 c6 7. d4 b5 8.
Bb3 exd4 9. Qxd4 d6 10. a4 Qb6 11. Qd3 b4 12. Be3 Ba6 13. Nb5 Bxb5 14. axb5
Qxb5 15. Qxb5 cxb5 16. Ra5 Be7 17. Rxb5 a5 18. Ke2 O-O 19. Ra1 Nd7 20. Rb7 a4
21. Rxd7 axb3 22. Rxa8 Rxa8 23. Rxe7 bxc2 24. Rc7 b3 25. Rb7 1-0

[Event "Dutch Open 2009"]
[Site "Dieren NED"]
[Date "2009.07.24"]
[Round "4.15"]
[White "Ootes, Lars"]
[Black "Pruijssers, Roeland"]
[Result "1-0"]
[WhiteElo "2261"]
[BlackElo "2401"]
[PlyCount "72"]
[EventDate "2009.07.21"]
[EventType "swiss"]
[EventRounds "9"]
[EventCountry "NED"]
[Source "lmi"]
[SourceDate "2009.07.21"]

1. e4 e5 2. Nf3 Nc6 3. Bb5 a6 4. Ba4 Nf6 5. O-O Be7 6. Re1 b5 7. Bb3 d6 8. c3
O-O 9. d4 Bg4 10. Be3 exd4 11. cxd4 d5 12. e5 Ne4 13. Nc3 Nxc3 14. bxc3 Qd7 15.
h3 Bh5 16. g4 Bg6 17. Bg5 Bxg5 18. Nxg5 h6 19. Nf3 Nd8 20. Nh4 Ne6 21. Qf3 Be4
22. Qe3 g5 23. f3 Bg6 24. Ng2 f5 25. exf6 Rae8 26. Qf2 Rxf6 27. Re5 c6 28. Rae1
Be4 29. Re3 Ref8 30. Qe1 Qf7 31. Rxe6 Rxe6 32. fxe4 Rf6 33. Qg3 Rf1+ 34. Kh2
Rf2 35. exd5 cxd5 36. Re5 Rd8 1-0

[Event "Dutch Open 2009"]
[Site "Dieren NED"]
[Date "2009.07.24"]
[Round "4.16"]
[White "Padmini, Rout"]
[Black "Tondivar, Babak"]
[Result "0-1"]
[WhiteElo "2243"]
[BlackElo "2372"]
[PlyCount "90"]
[EventDate "2009.07.21"]
[EventType "swiss"]
[EventRounds "9"]
[EventCountry "NED"]
[Source "lmi"]
[SourceDate "2009.07.21"]

1. e4 e5 2. Nf3 Nc6 3. Bb5 Nf6 4. O-O Nxe4 5. d4 Nd6 6. Bxc6 dxc6 7. dxe5 Nf5
8. Qxd8+ Kxd8 9. Rd1+ Ke8 10. Nc3 Ne7 11. h3 Ng6 12. b3 Be7 13. Bb2 Nf4 14. Rd4
Ne6 15. Rd2 Bd7 16. g3 h5 17. h4 Bb4 18. Ne1 Ke7 19. Nd3 Bxc3 20. Bxc3 b6 21.
f4 g6 22. Nf2 c5 23. Ne4 Bc6 24. Nf6 Rhd8 25. Kf2 Rxd2+ 26. Bxd2 Rd8 27. Be1
Nd4 28. Rc1 a5 29. c4 Nf5 30. Ke2 Bb7 31. Bf2 a4 32. Rd1 Bf3+ 33. Kxf3 Rxd1 34.
bxa4 Rd3+ 35. Ke4 Ra3 36. g4 hxg4 37. Nxg4 Ke6 38. Nf6 Rxa2 39. Bg1 Rg2 40. Be3
Re2 41. Nd5 Nxe3 42. Nxe3 c6 43. Kf3 Ra2 44. Ke4 Rxa4 45. h5 gxh5 0-1

[Event "Dutch Open 2009"]
[Site "Dieren NED"]
[Date "2009.07.24"]
[Round "4.17"]
[White "Van Delft, Merijn"]
[Black "Diepeveen, Vincent"]
[Result "1/2-1/2"]
[WhiteElo "2360"]
[BlackElo "2273"]
[PlyCount "43"]
[EventDate "2009.07.21"]
[EventType "swiss"]
[EventRounds "9"]
[EventCountry "NED"]
[Source "lmi"]
[SourceDate "2009.07.21"]

1. e4 c6 2. d4 d5 3. Nc3 dxe4 4. Nxe4 Bf5 5. Ng3 Bg6 6. h4 h6 7. Nf3 Nd7 8. h5
Bh7 9. Bd3 Bxd3 10. Qxd3 e6 11. Bd2 Ngf6 12. O-O-O Be7 13. Ne4 Nxe4 14. Qxe4
Nf6 15. Qd3 Nd5 16. Kb1 Nb4 17. Bxb4 Bxb4 18. Qb3 Qe7 19. Ne5 Bd6 20. f4 O-O-O
21. g3 Bc7 22. c3 1/2-1/2

[Event "Dutch Open 2009"]
[Site "Dieren NED"]
[Date "2009.07.24"]
[Round "4.18"]
[White "Duijker, Rick"]
[Black "Van Eijk, Sander"]
[Result "0-1"]
[WhiteElo "2240"]
[BlackElo "2338"]
[PlyCount "119"]
[EventDate "2009.07.21"]
[EventType "swiss"]
[EventRounds "9"]
[EventCountry "NED"]
[Source "lmi"]
[SourceDate "2009.07.21"]

1. d4 Nf6 2. Bg5 e6 3. Nd2 c5 4. e3 b6 5. c3 Bb7 6. Ngf3 h6 7. Bxf6 Qxf6 8. Bd3
Qd8 9. O-O Be7 10. e4 cxd4 11. cxd4 O-O 12. Rc1 Nc6 13. a3 d6 14. Qe2 Bf6 15.
e5 dxe5 16. Qe4 g6 17. Rxc6 Bg7 18. Rfc1 exd4 19. Ne5 Bxe5 20. Qxe5 Bxc6 21.
Rxc6 Qg5 22. Qxg5 hxg5 23. Ba6 Rfd8 24. Kf1 Rd5 25. Ke2 Rad8 26. Kd3 Kg7 27.
Bc4 Rf5 28. Ne4 b5 29. Bb3 g4 30. Bd1 Re5 31. Rc7 Red5 32. Bxg4 R8d7 33. Rxd7
Rxd7 34. Nc5 Rd6 35. f4 f5 36. Bf3 Kf6 37. Nb7 Rd7 38. Bc6 Rh7 39. Kxd4 Rxh2
40. Nc5 Ke7 41. Bf3 Rh1 42. Nd3 Kd6 43. Ne5 Rc1 44. Kd3 a5 45. Kd2 Rc8 46. Be2
Kc5 47. Ke3 Rg8 48. Nd3+ Kd6 49. Nc1 g5 50. fxg5 Rxg5 51. Kf2 f4 52. Nb3 b4 53.
a4 Kc6 54. Bb5+ Kb6 55. Nd2 e5 56. Nc4+ Kc7 57. Nxa5 e4 58. Nb3 Rg3 59. Nd4 Kb6
60. Ne6 0-1

[Event "Dutch Open 2009"]
[Site "Dieren NED"]
[Date "2009.07.24"]
[Round "4.19"]
[White "Bezemer, Arno"]
[Black "Mostertman, Milan"]
[Result "1-0"]
[WhiteElo "2332"]
[BlackElo "2119"]
[PlyCount "57"]
[EventDate "2009.07.21"]
[EventType "swiss"]
[EventRounds "9"]
[EventCountry "NED"]
[Source "lmi"]
[SourceDate "2009.07.21"]

1. d4 Nf6 2. c4 e6 3. Nc3 Bb4 4. e3 O-O 5. Bd3 d6 6. Nge2 c5 7. a3 Ba5 8. O-O
Nbd7 9. Rb1 Bc7 10. b4 b6 11. Ng3 Bb7 12. d5 Ne5 13. Be2 exd5 14. cxd5 Qc8 15.
f4 Ned7 16. Bb2 a6 17. Nf5 Re8 18. g4 Nf8 19. Qd3 b5 20. Nxg7 Kxg7 21. Ne4 N8d7
22. g5 c4 23. Qc2 Bxd5 24. gxf6+ Kh8 25. Ng5 Nf8 26. Rbd1 Bb6 27. Rxd5 Qb7 28.
Bd4 Qxd5 29. Bf3 1-0

[Event "Dutch Open 2009"]
[Site "Dieren NED"]
[Date "2009.07.24"]
[Round "4.20"]
[White "Motoc, Alina"]
[Black "Van Rosmalen, Joost"]
[Result "1/2-1/2"]
[WhiteElo "2315"]
[BlackElo "2206"]
[PlyCount "117"]
[EventDate "2009.07.21"]
[EventType "swiss"]
[EventRounds "9"]
[EventCountry "NED"]
[Source "lmi"]
[SourceDate "2009.07.21"]

1. d4 d5 2. c4 c6 3. Nf3 Nf6 4. Nc3 e6 5. Bg5 h6 6. Bxf6 Qxf6 7. e3 Nd7 8. Bd3
g6 9. cxd5 exd5 10. O-O Bg7 11. b4 a6 12. a4 O-O 13. Qb3 Nb6 14. a5 Nd7 15. e4
dxe4 16. Nxe4 Qf4 17. Rfe1 Nf6 18. Nc5 Kh7 19. Bc4 Qc7 20. h3 Nd5 21. Bxd5 cxd5
22. Qxd5 Rd8 23. Qe4 Qc6 24. Qe7 Bxh3 25. Qxb7 Qxb7 26. Nxb7 Rdb8 27. Nc5 Bf5
28. Re7 Kg8 29. Ra4 Bf8 30. Rc7 Bc2 31. Ra2 Rxb4 32. Rc6 Bb1 33. Re2 Bf5 34.
Rxa6 Rxa6 35. Nxa6 Ra4 36. Re8 Rxa5 37. Nc5 Kg7 38. Re5 Kh7 39. Nb3 Ra3 40. Rb5
Bc2 41. Nfd2 Bd6 42. g3 Kg7 43. d5 Kf6 44. Kg2 Bxb3 45. Nxb3 Ke5 46. Na5 Kd4
47. Nb7 Ra6 48. Nd8 f5 49. Nf7 Kc4 50. Rb7 Kxd5 51. Nxh6 Ke6 52. Rg7 Kf6 53.
Rf7+ Ke6 54. Rg7 Kf6 55. Rd7 Ke6 56. Rg7 Kf6 57. Rb7 Bc5 58. Ng8+ Ke6 59. Rc7
1/2-1/2

[Event "Dutch Open 2009"]
[Site "Dieren NED"]
[Date "2009.07.24"]
[Round "4.21"]
[White "De Groote, Ewoud"]
[Black "Hoeksema, Hendrik Pieter"]
[Result "0-1"]
[WhiteElo "2206"]
[BlackElo "2309"]
[PlyCount "60"]
[EventDate "2009.07.21"]
[EventType "swiss"]
[EventRounds "9"]
[EventCountry "NED"]
[Source "lmi"]
[SourceDate "2009.07.21"]

1. e4 c5 2. Nf3 d6 3. d4 cxd4 4. Nxd4 Nf6 5. Nc3 Nc6 6. Bg5 e6 7. Qd2 a6 8.
O-O-O Be7 9. f3 O-O 10. h4 Nxd4 11. Qxd4 b5 12. e5 dxe5 13. Qxe5 Qb6 14. Bd3
Bb7 15. h5 h6 16. Be3 Qc6 17. Rh3 Rfd8 18. Bxh6 Rxd3 19. Rxd3 gxh6 20. Rg3+ Kh7
21. Nd5 Rc8 22. c3 Qxd5 23. Rxd5 Bxd5 24. Kb1 Bc4 25. Qd4 Rc5 26. b3 e5 27. Qe3
Be6 28. Qd3+ Kh8 29. Qd2 Bf5+ 30. Kb2 Kh7 0-1

[Event "Dutch Open 2009"]
[Site "Dieren NED"]
[Date "2009.07.24"]
[Round "4.22"]
[White "Kiran, Manisha Mohanty"]
[Black "Van Dooren, Dirk"]
[Result "1-0"]
[WhiteElo "2203"]
[BlackElo "2308"]
[PlyCount "37"]
[EventDate "2009.07.21"]
[EventType "swiss"]
[EventRounds "9"]
[EventCountry "NED"]
[Source "lmi"]
[SourceDate "2009.07.21"]

1. e4 e5 2. Nf3 Nc6 3. Bc4 Nf6 4. d3 Bc5 5. c3 a6 6. h3 d6 7. Nbd2 Ba7 8. Nf1
O-O 9. Bb3 Be6 10. Bg5 Ne7 11. Bxf6 gxf6 12. Ng3 Ng6 13. Nh2 Nf4 14. Qf3 Kh8
15. Nf5 Rg8 16. Ng4 Rg5 17. g3 Bxf5 18. exf5 Rxf5 19. Nh6 1-0

[Event "Dutch Open 2009"]
[Site "Dieren NED"]
[Date "2009.07.24"]
[Round "4.23"]
[White "Kabos, Tobias"]
[Black "Van Der Poel, Henk"]
[Result "1/2-1/2"]
[WhiteElo "2122"]
[BlackElo "2282"]
[PlyCount "84"]
[EventDate "2009.07.21"]
[EventType "swiss"]
[EventRounds "9"]
[EventCountry "NED"]
[Source "lmi"]
[SourceDate "2009.07.21"]

1. c4 e5 2. d3 Nf6 3. a3 d5 4. cxd5 Nxd5 5. Nf3 Nc6 6. g3 Be7 7. Bg2 a5 8. O-O
O-O 9. b3 Be6 10. Bb2 f6 11. d4 e4 12. Nfd2 f5 13. e3 Bf6 14. Qc2 Qd7 15. Rd1
Qf7 16. Nc3 Bxd4 17. Ndxe4 Nxc3 18. Nxc3 Bxb3 19. Qd2 Bf6 20. Bd5 Bxd5 21. Nxd5
Bxb2 22. Qxb2 Rab8 23. Rac1 Rfd8 24. Rc5 Rd6 25. Kg2 b6 26. Rb5 Rbd8 27. Qb3
Kh8 28. Rc1 Rxd5 29. Rxc6 R5d7 30. Qc2 Rf8 31. h4 Kg8 32. Re5 g6 33. Rce6 Rd5
34. Re7 Rxe5 35. Rxf7 Rxf7 36. Qc6 Ree7 37. h5 gxh5 38. Qh6 Rd7 39. Qg5+ Kf8
40. Qxh5 Ke8 41. Qh4 Rd6 42. Qc4 h6 1/2-1/2

[Event "Dutch Open 2009"]
[Site "Dieren NED"]
[Date "2009.07.24"]
[Round "4.24"]
[White "Mellema, Andries"]
[Black "Kodentsov, Grigori"]
[Result "0-1"]
[WhiteElo "2110"]
[BlackElo "2279"]
[PlyCount "80"]
[EventDate "2009.07.21"]
[EventType "swiss"]
[EventRounds "9"]
[EventCountry "NED"]
[Source "lmi"]
[SourceDate "2009.07.21"]

1. e4 c5 2. Nf3 d6 3. d4 cxd4 4. Nxd4 Nf6 5. Nc3 a6 6. Be3 e5 7. Nb3 Be6 8. f3
Be7 9. Qd2 O-O 10. O-O-O Nbd7 11. Qf2 b5 12. Kb1 Qc7 13. g4 b4 14. Nd5 Bxd5 15.
exd5 Rfb8 16. g5 Nh5 17. Bh3 a5 18. Bg4 a4 19. Nc1 Nf4 20. Bxd7 Qxd7 21. Bxf4
exf4 22. h4 b3 23. cxb3 axb3 24. Nxb3 Rxb3 25. axb3 Qf5+ 26. Qc2 Ra1+ 27. Kxa1
Qxc2 28. Rc1 Qxb3 29. Rhe1 h5 30. Rxe7 Qxf3 31. Rcc7 Qd1+ 32. Ka2 Qxd5+ 33. b3
Qf5 34. Re8+ Kh7 35. Ree7 Kg6 36. Red7 Qd5 37. Ra7 f3 38. Ra6 Qd2+ 39. Ka3 Qc1+
40. Ka2 f2 0-1

[Event "Dutch Open 2009"]
[Site "Dieren NED"]
[Date "2009.07.24"]
[Round "4.25"]
[White "Shreyansh, Daklia"]
[Black "Kabanof, Nikolai"]
[Result "0-1"]
[WhiteElo "2279"]
[BlackElo "2137"]
[PlyCount "84"]
[EventDate "2009.07.21"]
[EventType "swiss"]
[EventRounds "9"]
[EventCountry "NED"]
[Source "lmi"]
[SourceDate "2009.07.21"]

1. e4 d6 2. d4 g6 3. c3 Bg7 4. Bd3 Nc6 5. Ne2 e5 6. Be3 Nge7 7. O-O O-O 8. f4
f5 9. fxe5 dxe5 10. d5 Nb8 11. exf5 Bxf5 12. Bc4 Kh8 13. Ng3 Qd6 14. Qb3 Nd7
15. Nd2 Nf6 16. Qxb7 Rfb8 17. Qa6 Qxa6 18. Bxa6 Nfxd5 19. Bc5 Rxb2 20. Nde4
Bxe4 21. Nxe4 Nf5 22. Ng5 c6 23. Rae1 Rxa2 24. Bb7 Rb8 25. Bxc6 Nxc3 26. Nf7+
Kg8 27. Nxe5 Re2 28. Bd5+ Kh8 29. Bc4 Rxe5 30. Bxa7 Rb7 31. g4 Rxa7 32. Rxe5
Bxe5 33. gxf5 Kg7 34. fxg6 hxg6 35. Re1 Re7 36. Kg2 Kf6 37. h3 Kg5 38. Bd3 Nd5
39. Kf3 Nf4 40. Rg1+ Kh5 41. Bb1 g5 42. Bf5 Bd4 0-1

[Event "Dutch Open 2009"]
[Site "Dieren NED"]
[Date "2009.07.25"]
[Round "5.2"]
[White "Miedema, Roi"]
[Black "Timman, Jan H"]
[Result "1/2-1/2"]
[WhiteElo "2432"]
[BlackElo "2569"]
[PlyCount "68"]
[EventDate "2009.07.21"]
[EventType "swiss"]
[EventRounds "9"]
[EventCountry "NED"]
[Source "lmi"]
[SourceDate "2009.07.21"]

1. d4 Nf6 2. c4 e6 3. Nc3 Bb4 4. Qc2 O-O 5. Nf3 c5 6. dxc5 Na6 7. c6 bxc6 8. g3
d5 9. Bg2 Bb7 10. O-O Qe7 11. a3 Bxc3 12. Qxc3 Nc5 13. b3 Nce4 14. Qc2 c5 15.
cxd5 exd5 16. Ng5 d4 17. Nxe4 Bxe4 18. Bxe4 Nxe4 19. Bb2 Rfd8 20. Rac1 Rac8 21.
Qd3 Qb7 22. Rc4 Ng5 23. h4 Ne6 24. b4 a5 25. Rb1 cxb4 26. axb4 Rxc4 27. Qxc4
Rc8 28. Qb3 Qxb4 29. Qxb4 axb4 30. Kf1 h5 31. Ke1 b3 32. Ba3 Rb8 33. Kd2 Kh7
34. Kd3 Kg6 1/2-1/2

[Event "Dutch Open 2009"]
[Site "Dieren NED"]
[Date "2009.07.25"]
[Round "5.3"]
[White "Ernst, Sipke"]
[Black "Hendriks, Willy"]
[Result "1-0"]
[WhiteElo "2598"]
[BlackElo "2444"]
[PlyCount "105"]
[EventDate "2009.07.21"]
[EventType "swiss"]
[EventRounds "9"]
[EventCountry "NED"]
[Source "lmi"]
[SourceDate "2009.07.21"]

1. d4 Nf6 2. c4 g6 3. Nc3 Bg7 4. e4 d6 5. Nf3 O-O 6. Be2 Na6 7. O-O e5 8. Be3
h6 9. dxe5 Ng4 10. Bc1 Nxe5 11. Nxe5 dxe5 12. Be3 c6 13. Qxd8 Rxd8 14. Rfd1 Re8
15. Na4 Nc7 16. Nc5 b6 17. Nd3 Ne6 18. c5 Nd4 19. Bxd4 exd4 20. Bf3 Be6 21. b3
Rac8 22. Nf4 bxc5 23. Rac1 Bf8 24. Nxe6 fxe6 25. e5 Rc7 26. g3 h5 27. Be4 Kg7
28. Kg2 Rb8 29. Rc4 Rb6 30. Ra4 Be7 31. h4 Rb5 32. f4 a5 33. Kf3 Rb4 34. Rxb4
axb4 35. Bd3 Kf7 36. Bc4 Rc8 37. Ke4 Rb8 38. Rf1 Rg8 39. Rf2 Rg7 40. a3 bxa3
41. Ra2 Rg8 42. Rxa3 Rd8 43. Ra6 Rd7 44. Rxc6 Ra7 45. Rxe6 Kg7 46. Rc6 Rd7 47.
Kd3 Ra7 48. Rc8 Rb7 49. Rg8+ Kh7 50. Ra8 Rd7 51. Be6 Rb7 52. Bd5 Rc7 53. Be4
1-0